Сленг в інтернет-комунікації американських студентів (Запис № 285355)

МАРК-запис
000 -LEADER
fixed length control field 01759nam a22001577a 4500
041 ## - LANGUAGE CODE
Language code of text/sound track or separate title ukr
080 ## - UNIVERSAL DECIMAL CLASSIFICATION NUMBER
Universal Decimal Classification number 09
090 ## - LOCALLY ASSIGNED LC-TYPE CALL NUMBER (OCLC); LOCAL CALL NUMBER (OCLC)
Local cutter number (OCLC) ; Book number/undivided call number, CALL (RLIN) ХОМ
100 ## - MAIN ENTRY--PERSONAL NAME
Personal name Хоменюк, М. С.
245 ## - TITLE STATEMENT
Title Сленг в інтернет-комунікації американських студентів
260 ## - PUBLICATION, DISTRIBUTION, ETC. (IMPRINT)
Place of publication, distribution, etc Острог
Name of publisher, distributor, etc КАФ
Date of publication, distribution, etc 2013
300 ## - PHYSICAL DESCRIPTION
Extent 71
520 ## - SUMMARY, ETC.
Summary, etc Вступ.<br/>Розділ І. Молодіжний американський сленг в загальній системі сленгу.<br/>1.1. Визначення сленгу та його історія<br/>1.2. Типологія сленгу<br/>1.3. Варіативність та мінливість молодіжного сленгу<br/>1.4. Джерела виникнення та сфери використання американського молодіжного сленгу<br/>Розділ ІІ. Функціонування амеиканського молодіжного сленгу в інтнрнет-комунікації.<br/>2.1. Лінгвістичні особливості американського сленгу<br/>2.2. Особливості перекладу американського сленгу<br/>2.3. Сленг як особлива мовна субкультура<br/>Розділ ІІІ. Охорона праці. Протипожежна безпека на обєкті.<br/>3.1. Комплекс заходів та засобів щодо забезпечення пожежної безпеки обєкта<br/>3.2. Сиситема запобігання пожежі<br/>3.3. Система протипожежного захисту<br/>Висновки.<br/>Список використаної літератури.<br/>Додатки.
650 ## - SUBJECT ADDED ENTRY--TOPICAL TERM
Topical term or geographic name as entry element Research Papers
942 ## - ADDED ENTRY ELEMENTS (KOHA)
Koha item type Книги
Фонди
Withdrawn status Lost status Source of classification or shelving scheme Damaged status Not for loan Home library Current library Date acquired Source of acquisition Cost, normal purchase price Total Checkouts Full call number Barcode Date last seen Price effective from Koha item type
    Universal Decimal Classification     ВІЛ - Відділ іноземн. літератури НБ ВІЛ - Відділ іноземн. літератури НБ 12/06/2013 Акт №7 1.00   09 215278 09/11/2021 12/06/2013 Книги